<?xml version='1.0' encoding='UTF-8'?>
  <record xmlns="http://www.loc.gov/MARC21/slim">
    <leader>00000cam a22000007i 4500</leader>
    <controlfield tag="001">ocm23615627</controlfield>
    <controlfield tag="003">OCoLC</controlfield>
    <controlfield tag="005">20250922053743.0</controlfield>
    <controlfield tag="008">890904s1585    gw j          000 0 lat  </controlfield>
    <datafield tag="010" ind1=" " ind2=" ">
      <subfield code="a">   20009776 </subfield>
    </datafield>
    <datafield tag="040" ind1=" " ind2=" ">
      <subfield code="a">DLC</subfield>
      <subfield code="b">eng</subfield>
      <subfield code="e">rda</subfield>
      <subfield code="e">dcrmr</subfield>
      <subfield code="c">EYM</subfield>
      <subfield code="d">OCLCQ</subfield>
      <subfield code="d">OCLCG</subfield>
      <subfield code="d">OCLCQ</subfield>
      <subfield code="d">OCLCF</subfield>
      <subfield code="d">OCLCQ</subfield>
      <subfield code="d">OCLCO</subfield>
      <subfield code="d">OCLCL</subfield>
      <subfield code="d">QGJ</subfield>
      <subfield code="d">OCLCL</subfield>
      <subfield code="d">OCLCO</subfield>
    </datafield>
    <datafield tag="035" ind1=" " ind2=" ">
      <subfield code="a">(OCoLC)23615627</subfield>
    </datafield>
    <datafield tag="050" ind1=" " ind2="4">
      <subfield code="a">DP133.1</subfield>
      <subfield code="b">.B38</subfield>
    </datafield>
    <datafield tag="100" ind1="1" ind2=" ">
      <subfield code="a">Beccadelli, Antonio,</subfield>
      <subfield code="d">1394-1471,</subfield>
      <subfield code="e">author.</subfield>
      <subfield code="4">aut</subfield>
      <subfield code="1">https://id.oclc.org/worldcat/entity/E39PBJkT8jYjHRdWQVRrWFGfv3</subfield>
    </datafield>
    <datafield tag="245" ind1="1" ind2="0">
      <subfield code="a">De Dictis &amp; Factis Alphonsi regis Aragonum et Neapolis libri quatuor Antonij Panormitae.</subfield>
      <subfield code="b">Cum respondentibus Principum illius aetatis, Germanicorum potiss. Dictis &amp; Factis similibus, ab Aenaea Sylvio collectis: &amp; scholijs Iacobi Spiegelij : Quibus Chronologia Vitae Alphonsi et Ludoici XII. Gall. Regis, &amp; Caroli V. Imp. aliorumq́[ue]; Apophthegmata, &amp; aliae Annotationes Historieae recens accesserunt.</subfield>
      <subfield code="c">Editae studio Davidis Chytraei.</subfield>
    </datafield>
    <datafield tag="246" ind1="3" ind2=" ">
      <subfield code="a">De Dictis &amp; Factis Alphonsi regis Aragonvm et Neapolis libri qvatvor Antonij Panormitae</subfield>
    </datafield>
    <datafield tag="246" ind1="1" ind2="7">
      <subfield code="a">Chronologia Alfonsi Regis</subfield>
    </datafield>
    <datafield tag="264" ind1=" " ind2="1">
      <subfield code="a">Witebergae,</subfield>
      <subfield code="b">Typis Haeredum Ioannis Cratonis,</subfield>
      <subfield code="c">Anno M.D.LXXXV. [1585]</subfield>
    </datafield>
    <datafield tag="300" ind1=" " ind2=" ">
      <subfield code="a">[8], 298, [4] pages :</subfield>
      <subfield code="b">illustrations, genealogical tables ;</subfield>
      <subfield code="c">20 cm (4to)</subfield>
    </datafield>
    <datafield tag="336" ind1=" " ind2=" ">
      <subfield code="a">text</subfield>
      <subfield code="b">txt</subfield>
      <subfield code="2">rdacontent</subfield>
    </datafield>
    <datafield tag="337" ind1=" " ind2=" ">
      <subfield code="a">unmediated</subfield>
      <subfield code="b">n</subfield>
      <subfield code="2">rdamedia</subfield>
    </datafield>
    <datafield tag="338" ind1=" " ind2=" ">
      <subfield code="a">volume</subfield>
      <subfield code="b">nc</subfield>
      <subfield code="2">rdacarrier</subfield>
    </datafield>
    <datafield tag="340" ind1=" " ind2=" ">
      <subfield code="m">4to</subfield>
      <subfield code="2">rdabf</subfield>
    </datafield>
    <datafield tag="500" ind1=" " ind2=" ">
      <subfield code="a">Publication statement from imprint, which reads: VVitebergae Typis Haeredum Ioannis Cratonis, Anno M.D.LXXXV.</subfield>
    </datafield>
    <datafield tag="500" ind1=" " ind2=" ">
      <subfield code="a">Signatures: a⁴, A-Z⁴, Aa-Mm⁴, Nn⁶ Oo² [a1 verso and Oo2 verso are blank].</subfield>
    </datafield>
    <datafield tag="500" ind1=" " ind2=" ">
      <subfield code="a">With woodcut initials, tailpieces and printed marginalia.</subfield>
    </datafield>
    <datafield tag="500" ind1=" " ind2=" ">
      <subfield code="a">Contains also "Chronologia vitae Alphonsi et Ludovici XII. Galliae regis" by David Chytraeus.</subfield>
    </datafield>
    <datafield tag="500" ind1=" " ind2=" ">
      <subfield code="a">Errata on folium Oo1 recto-Oo2 recto.</subfield>
    </datafield>
    <datafield tag="500" ind1=" " ind2=" ">
      <subfield code="a">Several errors in pagination.</subfield>
    </datafield>
    <datafield tag="510" ind1="4" ind2=" ">
      <subfield code="a">Verzeichnis der im deutschen Sprachbereich erschienenen Drucke des 16. Jahrhunderts (VD 16),</subfield>
      <subfield code="c">B 1316</subfield>
      <subfield code="u">https://gateway-bayern.de/VD16+B+1316</subfield>
    </datafield>
    <datafield tag="510" ind1="4" ind2=" ">
      <subfield code="a">Index Aureliensis,</subfield>
      <subfield code="c">155387</subfield>
    </datafield>
    <datafield tag="510" ind1="4" ind2=" ">
      <subfield code="3">Chytraeus, David. Chronologia vitae Alphonsi et Ludovici XII. Galliae regis</subfield>
      <subfield code="a">Verzeichnis der im deutschen Sprachbereich erschienenen Drucke des 16. Jahrhunderts (VD 16),</subfield>
      <subfield code="c">C 2572</subfield>
    </datafield>
    <datafield tag="600" ind1="0" ind2="0">
      <subfield code="a">Alfonso</subfield>
      <subfield code="b">V,</subfield>
      <subfield code="c">King of Aragon,</subfield>
      <subfield code="d">1396-1458.</subfield>
    </datafield>
    <datafield tag="600" ind1="0" ind2="0">
      <subfield code="a">Charles</subfield>
      <subfield code="b">V,</subfield>
      <subfield code="c">Holy Roman Emperor,</subfield>
      <subfield code="d">1500-1558.</subfield>
    </datafield>
    <datafield tag="600" ind1="0" ind2="0">
      <subfield code="a">Louis</subfield>
      <subfield code="b">XII,</subfield>
      <subfield code="c">King of France,</subfield>
      <subfield code="d">1462-1515.</subfield>
    </datafield>
    <datafield tag="600" ind1="0" ind2="7">
      <subfield code="a">Alfonso</subfield>
      <subfield code="b">V,</subfield>
      <subfield code="c">King of Aragon,</subfield>
      <subfield code="d">1396-1458</subfield>
      <subfield code="2">fast</subfield>
      <subfield code="1">https://id.oclc.org/worldcat/entity/E39PBJqk4j7wG66QYQpFQQpwYP</subfield>
    </datafield>
    <datafield tag="600" ind1="0" ind2="7">
      <subfield code="a">Charles</subfield>
      <subfield code="b">V,</subfield>
      <subfield code="c">Holy Roman Emperor,</subfield>
      <subfield code="d">1500-1558</subfield>
      <subfield code="2">fast</subfield>
      <subfield code="1">https://id.oclc.org/worldcat/entity/E39PBJrrtb7QxXCFgdVBT4dmh3</subfield>
    </datafield>
    <datafield tag="600" ind1="0" ind2="7">
      <subfield code="a">Louis</subfield>
      <subfield code="b">XII,</subfield>
      <subfield code="c">King of France,</subfield>
      <subfield code="d">1462-1515</subfield>
      <subfield code="2">fast</subfield>
      <subfield code="1">https://id.oclc.org/worldcat/entity/E39PBJvmM4dFw6mFGXBK4Xj9jC</subfield>
    </datafield>
    <datafield tag="700" ind1="0" ind2=" ">
      <subfield code="a">Pius</subfield>
      <subfield code="b">II,</subfield>
      <subfield code="c">Pope,</subfield>
      <subfield code="d">1405-1464.</subfield>
      <subfield code="1">https://id.oclc.org/worldcat/entity/E39PBJvXm7CM6qRPYXh7cJCYT3</subfield>
    </datafield>
    <datafield tag="700" ind1="1" ind2=" ">
      <subfield code="a">Chytraeus, David,</subfield>
      <subfield code="d">1531-1600,</subfield>
      <subfield code="e">author.</subfield>
      <subfield code="4">aut</subfield>
      <subfield code="1">https://id.oclc.org/worldcat/entity/E39PBJmP3wqmjbVmGT3GXMxhpP</subfield>
    </datafield>
    <datafield tag="700" ind1="1" ind2=" ">
      <subfield code="a">Spiegel, Jakob,</subfield>
      <subfield code="d">1483-</subfield>
      <subfield code="e">editor.</subfield>
      <subfield code="4">edt</subfield>
      <subfield code="1">https://id.oclc.org/worldcat/entity/E39PBJB49w7HDGtCKYjm78YVmd</subfield>
    </datafield>
    <datafield tag="700" ind1="0" ind2=" ">
      <subfield code="a">Heinrich Julius,</subfield>
      <subfield code="c">Duke of Brunswick-Wolfenbüttel,</subfield>
      <subfield code="d">1564-1613,</subfield>
      <subfield code="e">dedicatee.</subfield>
      <subfield code="4">dte</subfield>
      <subfield code="1">https://id.oclc.org/worldcat/entity/E39PBJrwVRjdkYFWGtG99q4g8C</subfield>
    </datafield>
    <datafield tag="700" ind1="1" ind2="2">
      <subfield code="i">Container of (work):</subfield>
      <subfield code="a">Chytraeus, David,</subfield>
      <subfield code="d">1531-1600.</subfield>
      <subfield code="t">Chronologia vitae Alphonsi et Ludovici XII. Galliae regis.</subfield>
    </datafield>
    <datafield tag="710" ind1="2" ind2=" ">
      <subfield code="a">Haeredes Joannis Cratonis,</subfield>
      <subfield code="e">printer.</subfield>
      <subfield code="4">prt</subfield>
      <subfield code="1">https://id.oclc.org/worldcat/entity/E39QH7JmpjKBPjFG9qykcyrCGR</subfield>
    </datafield>
    <datafield tag="752" ind1=" " ind2=" ">
      <subfield code="a">Gemany</subfield>
      <subfield code="d">Wittenberg (Saxony-Anhalt),</subfield>
      <subfield code="e">publication place.</subfield>
      <subfield code="4">pup</subfield>
    </datafield>
  </record>